Creating a new consensus on population : (Record no. 234232)

000 -LEADER
fixed length control field 01181cam a2200325 a 4500
001 - CONTROL NUMBER
control field 744300
003 - CONTROL NUMBER IDENTIFIER
control field Nust
005 - DATE AND TIME OF LATEST TRANSACTION
control field 20170316122241.0
008 - FIXED-LENGTH DATA ELEMENTS--GENERAL INFORMATION
fixed length control field 990520s1998 enk b 001 0 eng d
010 ## - LIBRARY OF CONGRESS CONTROL NUMBER
LC control number 99208468
020 ## - INTERNATIONAL STANDARD BOOK NUMBER
International Standard Book Number 185383565X (pbk.)
020 ## - INTERNATIONAL STANDARD BOOK NUMBER
International Standard Book Number 1853835668 (hbk.)
035 ## - SYSTEM CONTROL NUMBER
System control number (DLC) 99208468
035 ## - SYSTEM CONTROL NUMBER
System control number (OCoLC)40323432
040 ## - CATALOGING SOURCE
Original cataloging agency IL#
Transcribing agency IL#
Modifying agency TJC
-- UKM
-- DLC
042 ## - AUTHENTICATION CODE
Authentication code lccopycat
050 00 - LIBRARY OF CONGRESS CALL NUMBER
Classification number HB883.5
Item number .S58 1998
082 00 - DEWEY DECIMAL CLASSIFICATION NUMBER
Classification number 300 SHA
Edition number 21
100 1# - MAIN ENTRY--PERSONAL NAME
Personal name Singh, Jyoti Shankar,
245 10 - TITLE STATEMENT
Title Creating a new consensus on population :
Remainder of title the International Conference on Population and Development /
Statement of responsibility, etc. Jyoti Shankar Singh.
260 ## - PUBLICATION, DISTRIBUTION, ETC.
Place of publication, distribution, etc. London :
Name of publisher, distributor, etc. Earthscan,
Date of publication, distribution, etc. 1998.
300 ## - PHYSICAL DESCRIPTION
Extent xvi, 215 p. ;
Dimensions 24 cm.
500 ## - GENERAL NOTE
General note P.B
504 ## - BIBLIOGRAPHY, ETC. NOTE
Bibliography, etc. note Includes bibliographical references (p. [196]-203) and index.
611 20 - SUBJECT ADDED ENTRY--MEETING NAME
Meeting name or jurisdiction name as entry element International Conference on Population and Development
Date of meeting (1994 :
Location of meeting Cairo, Egypt)
650 #0 - SUBJECT ADDED ENTRY--TOPICAL TERM
Topical term or geographic name entry element Population policy.
650 #0 - SUBJECT ADDED ENTRY--TOPICAL TERM
Topical term or geographic name entry element Population.
906 ## - LOCAL DATA ELEMENT F, LDF (RLIN)
a 7
b cbc
c copycat
d 3
e ncip
f 19
g y-gencatlg
942 ## - ADDED ENTRY ELEMENTS (KOHA)
Source of classification or shelving scheme
Koha item type Book
Call number prefix 300 SHA
Holdings
Withdrawn status Lost status Source of classification or shelving scheme Damaged status Not for loan Collection code Permanent Location Current Location Shelving location Date acquired Total Checkouts Full call number Barcode Date last seen Price effective from Koha item type
            Institute of Environmental Science and Engineering (IESE) Institute of Environmental Science and Engineering (IESE) General Stacks 03/16/2017   300 SHA IESE-122 03/16/2017 03/16/2017 Book
© 2023 Central Library, National University of Sciences and Technology. All Rights Reserved.